| 000 | 00608nam a2200205 a 4500 | ||
|---|---|---|---|
| 001 | 000022614 | ||
| 005 | 20200930021710.0 | ||
| 008 | 101014s2001 ag 000 0 spa d | ||
| 020 | _a9500718073 | ||
| 040 |
_aDO-SdBNP _bspa _cBNPHU |
||
| 082 |
_axxxx _bB462a |
||
| 100 | 1 |
_aBenedetti, Mario _d1920- _944516 |
|
| 245 | 1 | 0 |
_aAntología poética / : _bMario Benedetti. |
| 250 | _a3a ed. | ||
| 260 |
_aBuenos Aires : _bSudamericana, _c2001. |
||
| 300 |
_a248 p. ; _c18 cm. |
||
| 500 | _aIncluye datos biográficos del auotr en la contracubierta | ||
| 700 | 1 |
_aOrgambide, Pedro, _eintr. _946534 |
|
| 049 | _aBNPD | ||
| 999 |
_c22111 _d22111 |
||